000 00439nam a2200181Ia 4500
001 9808
005 20260306161745.0
008 260306t2010||||xx |||||||||||||| ||spa||
041 _aESP
082 _a463
_bC285
100 _aCultural Librera Americana
_eAUT
245 0 _aConsultor práctico de dudas del idioma
260 _c2010
300 _a288 páginas :
_c24 cm.
650 _aGEN
654 _aCHU
942 _cLIB
_dJUS
_fJUS
_2ddc
_n
999 _c9808
_d9808